000
00262nam a22001217a 4500
082
_a
823
_b
BHA/R
100
_a
BHANOT, T R
245
_a
RAMAYANA IV - AYODHYA EPISODE
260
_a
DELHI
_b
DREAMLAND
300
_a
24
650
_a
ENGLISH STORY
_z
INDIA
942
_c
BK
999
_c
7474
_d
7474